000 00631nam a2200193Ia 4500
008 151121s9999||||xx |||||||||||||| ||und||
082 _a814/गद्रे
082 _bHNW-10316
100 _aगद्रे अ।ह।
245 _aस्वराज्याची मोहीम
260 _b"गद्रे अ। ह।, पुणे।"
260 _c--
300 _a62
600 _aगद्रे अ।ह।
630 _aस्वराज्याची मोहीम
700 _aगद्रे अ।ह।
730 _aस्वराज्याची मोहीम
942 _cBOOK
999 _c1215519
_d1215516